Komunikačné nástroje firmy na internete
Internet - najmladšie a zároveň najdynamickejšie médium. Atraktivita internetu ako efektívneho reklamného média. Internet umožňuje realizovať marketingové aktivity s vysokou mierou obojsmernej komunikácie medzi firmou a spotrebiteľom. Internet ako médium vhodné pre propagáciu firmy - výsledky pries...
Gespeichert in:
| 1. Verfasser: | |
|---|---|
| Format: | Buchkapitel |
| Sprache: | Slowakisch |
| Schlagworte: | |
| Tags: |
Keine Tags, Fügen Sie das erste Tag hinzu!
|
MARC
| LEADER | 00000nla$a2200000$$$4500 | ||
|---|---|---|---|
| 001 | 0074360 | ||
| 005 | 20240502083212.3 | ||
| 041 | 0 | |a slo | |
| 044 | |a CZ | ||
| 245 | 1 | 0 | |a Komunikačné nástroje firmy na internete |c Lucia Michalková |
| 520 | |a Internet - najmladšie a zároveň najdynamickejšie médium. Atraktivita internetu ako efektívneho reklamného média. Internet umožňuje realizovať marketingové aktivity s vysokou mierou obojsmernej komunikácie medzi firmou a spotrebiteľom. Internet ako médium vhodné pre propagáciu firmy - výsledky prieskumu. | ||
| 610 | 2 | 0 | |a internet |
| 610 | 2 | 0 | |a komunikácia marketingová |
| 610 | 2 | 0 | |a reklama |
| 610 | 2 | 0 | |a výskum |
| 100 | 1 | |a Michalková, Lucia | |